Statistiken für Städte Deutschlands: Nur ein Buchstabe auf dem Kennzeichen

Klicken Sie hier um das Quiz zu spielen!

Allgemein

  • Dieses Quiz wurde 412 mal gespielt
  • Das Durchschnittsergebnis liegt bei 17 aus 19

Antwortstatistiken

KürzelStadtBundesland% Korrekt
DDüsseldorfNordrhein-Westfalen
99%
MMünchenBayern
99%
NNürnbergBayern
99%
EEssenNordrhein-Westfalen
98%
FFrankfurtHessen
98%
SStuttgartBaden-Württemberg
98%
AAugsburgBayern
97%
JJenaThüringen
97%
PPotsdamBrandenburg
97%
CChemnitzSachsen
96%
HHannoverNiedersachsen
96%
KKölnNordrhein-Westfalen
96%
LLeipzigSachsen
96%
BBerlin-
94%
RRegensburgBayern
93%
GGeraThüringen
86%
ZZwickauSachsen
83%
WWuppertalNordrhein-Westfalen
82%
VVogtlandkreisSachsen
28%

Verteilung der Resultate

Perzentil nach korrekt beantworteten Fragen

Anzahl Personen mit jedem Resultat

Ihre Resultats-Entwicklung

Sie haben dieses Quiz noch nicht gespielt